[Event "8th World Teams"]
[Site "Ningbo CHN"]
[Date "2011.07.24"]
[Round "7"]
[White "Harikrishna, Pentala"]
[Black "Amin, Bassem"]
[Result "1-0"]
[WhiteTitle "GM"]
[BlackTitle "GM"]
[WhiteElo "2669"]
[BlackElo "2609"]
[WhiteTeam "India"]
[BlackTeam "Egypt"]
[WhiteFideId "5007003"]
[BlackFideId "10601457"]
[EventDate "2011.07.17"]

1. d4 Nf6 2. c4 e6 3. g3 Bb4+ 4. Nd2 c5 5. Nf3 Nc6 6. dxc5 Bxc5 7. Nb3 Bb6 8.
Bg2 d5 9. O-O O-O 10. Bf4 dxc4 11. Nbd2 c3 12. bxc3 Nd5 13. Nc4 Nxf4 14. gxf4
Bc7 15. Qxd8 Rxd8 16. e3 Bd7 17. Nd4 Na5 18. Nd2 Rac8 19. Rab1 b6 20. Ne4 Bb8
21. Rfd1 h6 22. Bf1 Ba4 23. Rdc1 Bc6 24. Nxc6 Nxc6 25. Ba6 Rc7 26. c4 Kf8 27. c5
Ne7 28. Rd1 Rxd1+ 29. Rxd1 Nc6 30. cxb6 axb6 31. Rb1 Ba7 32. Nd6 Nb8 33. Bf1 Rc2
34. a4 Nd7 35. Rd1 Bb8 36. Nb5 Ke7 37. Nd4 Rc8 38. Ba6 Rc5 39. Bb5 Rd5 40. e4
Rd6 41. e5 Rd5 42. Nc6+ Kf8 43. Rxd5 exd5 44. Nb4 Ke7 45. Nxd5+ Ke6 46. Ne3 Nc5
47. Bc4+ Kd7 48. Bxf7 g5 49. fxg5 hxg5 50. Nd5 Bxe5 51. Nxb6+ Kd8 52. a5 Bd4 53.
Nc4 Nd3 54. Ne3 Kc7 55. Bc4 Ne5 56. Bb5 Kb7 57. Kg2 Bc3 58. a6+ Ka7 59. Nf5 Bb4
60. Ng3 Be7 61. Ne4 Kb6 62. Be2 Ka7 63. Kg3 Kb8 64. h3 Kc7 65. Bf1 Kc6 66. Nc3
Bc5 67. Nb5 Nd7 68. a7 Nb6 69. Bd3 Na8 70. f3 Be3 71. Kg4 Kb6 72. Kf5 Bd2 73.
Ke4 Kc6 74. Kd4 Nb6 75. Ke5 Be3 76. Kf5 Na8 77. Nc3 Bd2 78. Be4+ Kb6 79. Nb1 1-0

[Event "8th World Teams"]
[Site "Ningbo CHN"]
[Date "2011.07.24"]
[Round "7"]
[White "Ganguly, Surya Shekhar"]
[Black "Shoker, Samy"]
[Result "1-0"]
[WhiteTitle "GM"]
[BlackTitle "IM"]
[WhiteElo "2627"]
[BlackElo "2475"]
[WhiteTeam "India"]
[BlackTeam "Egypt"]
[WhiteFideId "5002150"]
[BlackFideId "627143"]
[EventDate "2011.07.17"]

1. e4 d6 2. d4 Nf6 3. Nc3 g6 4. Be3 c6 5. Qd2 b5 6. Bd3 Nbd7 7. Nf3 e5 8. O-O
Bb7 9. Ne2 Be7 10. c3 O-O 11. h3 Re8 12. Ng3 Bf8 13. Bg5 Qb6 14. Bc2 Bg7 15. Bh6
Bh8 16. Nf5 d5 17. dxe5 Nxe5 18. Nxe5 Rxe5 19. Be3 c5 20. Nh6+ Kg7 21. b4 dxe4
22. bxc5 Rxc5 23. Bb3 Bd5 24. Nf5+ Kf8 25. Bxc5+ Qxc5 26. Qh6+ Kg8 27. Qg5 Rc8
28. Bxd5 Nxd5 29. Rad1 Bf6 30. Nh6+ Kg7 31. Qxd5 Qxd5 32. Rxd5 Kxh6 33. Rxb5
Rxc3 34. Rb7 Bd4 35. Rxf7 Rc2 36. Re1 Rc4 37. Re2 Bc5 38. g3 g5 39. Kg2 Kg6 40.
Rc7 h5 41. Rb2 1-0

[Event "8th World Teams"]
[Site "Ningbo CHN"]
[Date "2011.07.24"]
[Round "7"]
[White "Ezat, Mohamed"]
[Black "Gopal G.N."]
[Result "1-0"]
[WhiteTitle "IM"]
[BlackTitle "GM"]
[WhiteElo "2430"]
[BlackElo "2576"]
[WhiteTeam "Egypt"]
[BlackTeam "India"]
[WhiteFideId "10600906"]
[BlackFideId "5015693"]
[EventDate "2011.07.17"]

1. d4 Nf6 2. c4 g6 3. Nc3 d5 4. Nf3 Bg7 5. Bf4 O-O 6. Rc1 dxc4 7. e3 Be6 8. Nd2
c5 9. dxc5 Na6 10. c6 bxc6 11. Bxc4 Nb4 12. O-O Nfd5 13. Bxd5 Bxd5 14. Qe2 Be6
15. Nb3 Nd3 16. Rcd1 Nxf4 17. exf4 Qb6 18. f5 Bxf5 19. Qxe7 Rfe8 20. Qa3 Rad8
21. Qa5 Bc2 22. Rxd8 Rxd8 23. Qg5 h6 24. Qe7 Rb8 25. Na4 Qb7 26. Qd6 Qb4 27. Qc7
Qb7 28. Qd6 Rc8 29. Nac5 Qc7 30. Qd2 Bf5 31. h3 h5 32. Qe2 h4 33. Qc4 Qe7 34.
Nd4 Bxh3 35. gxh3 Qg5+ 36. Kh1 Qf4 37. Nce6 fxe6 38. Qxe6+ Kh7 39. Qxc8 Be5 40.
Qd7+ Kh8 41. Kg2 Qh2+ 42. Kf3 Qf4+ 43. Ke2 Bxd4 44. Qxc6 Kh7 45. Qd7+ Kh6 46.
Qe6 Kh7 47. b3 Bb6 48. Qd7+ Kh8 49. Qg4 Qf6 50. Kd3 Kg7 51. Qe4 Bxf2 52. Kc2 Qg5
53. Qb7+ Kh6 54. Qf7 Be3 55. Qf8+ Kh5 56. Qh8+ Qh6 57. Qxh6+ Kxh6 58. Kd3 Bb6
59. Ke4 g5 60. Rf6+ Kg7 61. Kf5 g4 62. Rg6+ Kh7 63. Rxg4 1-0

[Event "8th World Teams"]
[Site "Ningbo CHN"]
[Date "2011.07.24"]
[Round "7"]
[White "Sargissian, Gabriel"]
[Black "Balogh, Csaba"]
[Result "1/2-1/2"]
[WhiteTitle "GM"]
[BlackTitle "GM"]
[WhiteElo "2663"]
[BlackElo "2643"]
[WhiteTeam "Armenia"]
[BlackTeam "Hungary"]
[WhiteFideId "13300881"]
[BlackFideId "718939"]
[EventDate "2011.07.17"]

1. d4 d5 2. c4 c6 3. Nc3 dxc4 4. e4 b5 5. a4 b4 6. Nb1 Ba6 7. Qc2 e5 8. Nf3 b3
9. Qc3 Nf6 10. Bxc4 exd4 11. Qxb3 Bxc4 12. Qxc4 c5 13. b4 Nc6 14. Ba3 Be7 15.
bxc5 Nxe4 16. Nbd2 Nxd2 17. Nxd2 O-O 18. O-O Qd7 19. Ne4 Ne5 20. Qa2 Qxa4 21.
Qd5 Bf6 22. Bb2 Qc2 23. Bxd4 Rad8 24. Nd6 Nd3 25. Bxf6 gxf6 26. Qf3 Nxc5 27. Nf5
Ne6 28. Rxa7 Kh8 29. Ne7 Kg7 30. Ra3 Qc5 31. Nf5+ Kh8 32. Ng3 Qe5 33. Re3 Nd4
34. Qb7 Qd5 35. Qb2 Qb5 36. Qa1 Qc6 37. Rc3 Qb6 38. Kh1 Rfe8 39. Qa2 Qe6 40. Qb2
Ne2 41. Rf3 Nxg3+ 42. fxg3 Qe5 43. Qxe5 Rxe5 44. Rxf6 Rd7 45. h3 Kg7 46. g4 Rde7
47. R1f2 R5e6 48. g5 Re5 49. h4 Rd5 50. Kh2 Rc5 51. Kh3 Rc4 52. g3 Rb4 53. R2f4
Rb3 54. Kg4 Reb7 55. h5 R3b6 56. h6+ Kg8 57. Ra4 Rb4+ 58. Rf4 Rxa4 59. Rxa4 Rb8
60. Kf5 Kf8 61. Ra5 Ke7 62. Ke5 Kf8 63. Ra7 Re8+ 64. Kf6 Re6+ 65. Kf5 Re8 66.
Rc7 Ra8 67. Kf6 Ra6+ 68. Ke5 Re6+ 69. Kf5 Re8 70. Rc6 Ke7 71. Rb6 Ra8 72. Ke4 1/2-1/2

[Event "8th World Teams"]
[Site "Ningbo CHN"]
[Date "2011.07.24"]
[Round "7"]
[White "Radjabov, Teimour"]
[Black "Kamsky, Gata"]
[Result "0-1"]
[WhiteTitle "GM"]
[BlackTitle "GM"]
[WhiteElo "2744"]
[BlackElo "2741"]
[WhiteTeam "Azerbaijan"]
[BlackTeam "USA"]
[WhiteFideId "13400924"]
[BlackFideId "2000024"]
[EventDate "2011.07.17"]

1. e4 e5 2. Nf3 Nc6 3. d4 exd4 4. Nxd4 Bc5 5. Nb3 Bb6 6. Nc3 Nge7 7. Bg5 O-O 8.
Qd2 f6 9. Bh4 a5 10. Bb5 Ne5 11. f4 N5g6 12. Bf2 Bxf2+ 13. Qxf2 c6 14. Bc4+ Kh8
15. a4 Qc7 16. O-O d6 17. h4 Bg4 18. Nd4 Qb6 19. Be6 f5 20. exf5 Nxf5 21. Bxf5
Bxf5 22. h5 Ne7 23. Rae1 Rae8 24. Nb3 Qb4 25. g4 Bd3 26. cxd3 Qxb3 27. h6 Qf7
28. f5 d5 29. Qd4 Qf6 30. hxg7+ Kxg7 31. Qf4 Kh8 32. Re2 Rg8 33. Re6 Qh4 34.
Qd4+ Rg7 35. Rf4 c5 36. Qe5 Rg8 37. Kg2 Nc6 38. Qf6 Qxf6 39. Rxf6 Ne5 0-1